000 00799cam a2200241 a 4500
999 _c2699
_d2699
003 OSt
005 20210716092811.0
008 931222s1994 enka b 001 0 eng
020 _a0412547805
040 _cALUPE UNIVERSITY
050 0 0 _aRC406
_b.A2 M6 1994
245 0 0 _aMotor neuron disease /
_cedited by A.C. Williams.
250 _a1st ed.
260 _aLondon ;
_bNew York :
_bChapman & Hall Medical,
_c1994.
300 _axvi, 755 p. :
_bill. ;
_c25 cm.
504 _aIncludes bibliographical references and index.
650 0 _aAmyotrophic lateral sclerosis.
650 0 _aMotor neurons
_xDiseases.
700 1 _aWilliams, A. C.
_q(Adrian C)
906 _a7
_bcbc
_corignew
_du
_encip
_f19
_gy-gencatlg
942 _2lcc
_cBK
_nPW